La Monarqua̕ Constitucional Principios del Estado Liberal segn︢ Chateaubriand /

Bibliographic Details
Main Author: Zerolo Durǹ, Armando
Format: eBook
Language:Spanish
Published: Madrid: Dykinson, 2017
Subjects:
Online Access:Acceso restringido

MARC

LEADER 00000nam a22000007a 4500
005 20180402211537.0
007 cr|||| |||
008 180402s2017 es |||||s|||| 00||0 spa d
020 |a 978-84-9148-406-6 
035 |a 21305 
040 |a vLex 
090 |c 7632  |d 7632 
100 1 |a Zerolo Durǹ, Armando 
245 1 2 |a La Monarqua̕ Constitucional  |h [Recurso electrn̤ico] :  |b Principios del Estado Liberal segn︢ Chateaubriand /  |c Armando Zerolo Durǹ 
256 |a Servicio en ln̕ea 
260 |a Madrid:  |b Dykinson,  |c 2017 
300 |a 1 recurso electrn̤ico 
500 |a La Restauracin̤ francesa (1814-1830) fue el momento histr̤ico en el que maduraron las grandes ideas polt̕icas que han estado vigentes estos l︢timos doscientos aǫs. El constitucionalismo, la libertad de prensa, la divisin̤ de poderes, los partidos polt̕icos, la separacin̤ del trono y del altar, se fueron imponiendo como respuesta polt̕ica a las circunstancias histr̤icas posteriores a la Revolucin̤ de 1789 . “Salvar la revolucin̤ y no a los hombres de la revolucin̤” fue el lema del genio polt̕ico Franȯis-Ren ̌de Chateaubriand (1768-1848). Su inteligencia histr̤ica le permiti ̤moverse en el difc̕il m̀bito de lo posible, proponiendo una monarqua̕ adaptada a los nuevos tiempos y combatiendo los radicalismos de diferente cuǫ. En la obra polt̕ica de Chateaubriand se puede observar el esqueleto del Estado-Nacin̤ en su l︢tima fase y ayuda a comprender, doscientos aǫs despuš, su crisis. No obstante, de Chateaubriand tambiň se aprende que los momentos de crisis son momentos de oportunidad. Abandonar lo int︢il, conservar lo valioso y saber detectar las mejoras posibles forman parte del genio polt̕ico. Las urgencias histr̤icas, como pudo ser la presentada durante la Restauracin̤ francesa, o como podra̕ ser la actual, provocan algenio polt̕ico y despiertan las grandes ideas. 
506 1 |a Disponible solo en los productos indicados  |d vLex Global  |d vLex Global (Academic Edition, excluding Law Schools)  |d vLex Global (U.S. Academic Edition, Law Schools)  |d vLex Global (U.S. Academic Edition, excluding Law Schools)  |d vLex Global (Academic Edition, Law Schools) 
650 0 4 |a Derecho Constitucional  |z Espaą 
740 0 |a vLex Libros (Servicio en ln̕ea) 
856 4 0 |u http://vlex.com/source/monarquia-constitucional-principios-del-estado-liberal-segun-chateaubriand-21305  |z Acceso restringido 
942 |c BOOK 
999 0 |a Constitutional right